| 000 | 00540nam a2200205Ia 4500 | ||
|---|---|---|---|
| 003 | GCL | ||
| 008 | 140319s9999 xx 000 0 eng d | ||
| 040 |
_aGCL / _cGCL |
||
| 082 | 0 | 4 |
_aCC _b305.8 _bH B |
| 100 | 1 | _aHOBBS, JOSEPH | |
| 245 | 1 | 0 |
_aBEDOUIN LIFE IN THE EGYPTIAN WILDERNESS / _cHOBBS, JOSEPH |
| 700 | 1 | _aTERGENZA, LEO | |
| 260 |
_a[S.N] : _bTHE AMERICAN UNIVERSITY IN CAIRO PRESS ، _c1990 |
||
| 300 | _a165 P | ||
| 650 | 0 | 4 | _aEGYPT |
| 650 | 0 | 4 | _aBEDOUINS |
| 650 | 0 | 4 | _aNEMADS |
| 650 | 0 | 4 | _aNATURAL HISTORY |
| 942 |
_2ddc _cBK |
||
| 999 |
_c16988 _d16988 |
||